<?xml version="1.0" encoding="UTF-8"?>
<record
    xmlns:xsi="http://www.w3.org/2001/XMLSchema-instance"
    xsi:schemaLocation="http://www.loc.gov/MARC21/slim http://www.loc.gov/standards/marcxml/schema/MARC21slim.xsd"
    xmlns="http://www.loc.gov/MARC21/slim">

  <leader>01676nam a22002777a 4500</leader>
  <controlfield tag="005">20081208151837.0</controlfield>
  <controlfield tag="008">081208t        xxu||||| |||| 00| 0 hin d</controlfield>
  <datafield tag="010" ind1=" " ind2=" ">
    <subfield code="a">HIN-85376</subfield>
  </datafield>
  <datafield tag="020" ind1=" " ind2=" ">
    <subfield code="a">9788190483384</subfield>
    <subfield code="c">200.00</subfield>
  </datafield>
  <datafield tag="035" ind1=" " ind2=" ">
    <subfield code="a">HN-57722</subfield>
  </datafield>
  <datafield tag="037" ind1=" " ind2=" ">
    <subfield code="b">DBAD / PUB</subfield>
  </datafield>
  <datafield tag="040" ind1=" " ind2=" ">
    <subfield code="a">DPL</subfield>
    <subfield code="b">HN</subfield>
  </datafield>
  <datafield tag="082" ind1=" " ind2=" ">
    <subfield code="a">301.153</subfield>
  </datafield>
  <datafield tag="100" ind1=" " ind2=" ">
    <subfield code="a">&#x905;&#x930;&#x94B;&#x919;&#x93E;, &#x905;&#x930;&#x935;&#x93F;&#x928;&#x94D;&#x926;</subfield>
    <subfield code="q">&#x905;&#x930;&#x94B;&#x919;&#x93E;, &#x905;&#x930;&#x935;&#x93F;&#x928;&#x94D;&#x926;  '&#x92E;&#x941;&#x915;&#x94D;&#x924;' </subfield>
  </datafield>
  <datafield tag="245" ind1=" " ind2=" ">
    <subfield code="a">&#x924;&#x940;&#x928; &#x92E;&#x939;&#x93E;&#x928; &#x936;&#x924;&#x93E;&#x92C;&#x94D;&#x926;&#x940; &#x92A;&#x941;&#x930;&#x942;&#x937; :</subfield>
    <subfield code="b">(&#x917;&#x93E;&#x901;&#x927;&#x940;,&#x92E;&#x93E;&#x930;&#x94D;&#x915;&#x94D;&#x938; &#x914;&#x930; &#x939;&#x928;&#x940;&#x92E;&#x928;) /</subfield>
    <subfield code="c">&#x905;&#x930;&#x935;&#x93F;&#x928;&#x94D;&#x926; &#x905;&#x930;&#x94B;&#x921;&#x93C;&#x93E; '&#x92E;&#x941;&#x915;&#x94D;&#x924;'</subfield>
  </datafield>
  <datafield tag="246" ind1=" " ind2=" ">
    <subfield code="a">Tiina mahaana shataabadii purusha</subfield>
    <subfield code="b">by Arvind Arora' Mukta'</subfield>
  </datafield>
  <datafield tag="260" ind1=" " ind2=" ">
    <subfield code="a">&#x926;&#x93F;&#x932;&#x94D;&#x932;&#x940;</subfield>
    <subfield code="b">&#x938;&#x94D;&#x91F;&#x948;&#x92A; &#x92C;&#x93E;&#x908; &#x938;&#x94D;&#x91F;&#x948;&#x92A; &#x92A;&#x92C;&#x94D;&#x932;&#x93F;&#x936;&#x930;&#x94D;&#x938;</subfield>
    <subfield code="c">2008</subfield>
  </datafield>
  <datafield tag="270" ind1=" " ind2=" ">
    <subfield code="a">1362, &#x915;&#x936;&#x94D;&#x92E;&#x940;&#x930;&#x940; &#x917;&#x947;&#x91F;, &#x92C;&#x948;&#x915; &#x938;&#x93E;&#x907;&#x921;, </subfield>
    <subfield code="b">&#x926;&#x93F;&#x932;&#x94D;&#x932;&#x940;</subfield>
    <subfield code="e">110 006</subfield>
  </datafield>
  <datafield tag="300" ind1=" " ind2=" ">
    <subfield code="a">160&#x92A;&#x943;.</subfield>
    <subfield code="c">21&#x938;&#x947;&#x92E;&#x940;(&#x938;&#x91C;&#x93F;&#x932;&#x94D;&#x926;)</subfield>
  </datafield>
  <datafield tag="600" ind1=" " ind2=" ">
    <subfield code="a">&#x917;&#x93E;&#x901;&#x927;&#x940;, &#x92E;&#x939;&#x93E;&#x924;&#x94D;&#x92E;&#x93E;,1869-1948.</subfield>
    <subfield code="x">&#x930;&#x93E;&#x91C;&#x928;&#x940;&#x924;&#x93F;&#x915; &#x90F;&#x935;&#x902; &#x938;&#x93E;&#x92E;&#x93E;&#x91C;&#x93F;&#x915; &#x935;&#x93F;&#x91A;&#x93E;&#x930;</subfield>
  </datafield>
  <datafield tag="600" ind1=" " ind2=" ">
    <subfield code="a">Gandhi, Mahatma,1869-1948.</subfield>
    <subfield code="x">Political and social views.</subfield>
  </datafield>
  <datafield tag="600" ind1=" " ind2=" ">
    <subfield code="a">&#x92E;&#x93E;&#x930;&#x94D;&#x915;&#x94D;&#x938;, &#x915;&#x93E;&#x930;&#x94D;&#x932;,  1818-1883 </subfield>
    <subfield code="x">&#x930;&#x93E;&#x91C;&#x928;&#x940;&#x924;&#x93F;&#x915; &#x90F;&#x935;&#x902; &#x938;&#x93E;&#x92E;&#x93E;&#x91C;&#x93F;&#x915; &#x935;&#x93F;&#x91A;&#x93E;&#x930;</subfield>
  </datafield>
  <datafield tag="600" ind1=" " ind2=" ">
    <subfield code="a">Marx, Karl, 1818-1883 </subfield>
    <subfield code="x">Political and social views.</subfield>
  </datafield>
  <datafield tag="942" ind1=" " ind2=" ">
    <subfield code="2">ddc</subfield>
    <subfield code="c">HN</subfield>
    <subfield code="m">&#x905;&#x930;&#x94B;&#x921;&#x93C;&#x93E;</subfield>
    <subfield code="h">301.153</subfield>
  </datafield>
  <datafield tag="999" ind1=" " ind2=" ">
    <subfield code="c">19592</subfield>
    <subfield code="d">19592</subfield>
  </datafield>
  <datafield tag="952" ind1=" " ind2=" ">
    <subfield code="0">0</subfield>
    <subfield code="1">0</subfield>
    <subfield code="2">ddc</subfield>
    <subfield code="4">0</subfield>
    <subfield code="7">1</subfield>
    <subfield code="a">DBAD</subfield>
    <subfield code="b">DBAD</subfield>
    <subfield code="d">2008-12-18</subfield>
    <subfield code="e">DBAD / PUB</subfield>
    <subfield code="g">200.00</subfield>
    <subfield code="l">0</subfield>
    <subfield code="o">301.153 &#x905;&#x930;&#x94B;&#x921;&#x93C;&#x93E;</subfield>
    <subfield code="p">HN-57722</subfield>
    <subfield code="r">2008-12-08 00:00:00</subfield>
    <subfield code="t">1</subfield>
    <subfield code="v">200.00</subfield>
    <subfield code="w">2008-12-08</subfield>
    <subfield code="y">HN</subfield>
  </datafield>
</record>
